000 01079nam a2200301Ia 4500
001 ebr10602103
003 CaPaEBR
006 m u
007 cr cn|||||||||
008 111102s2012 nju s 001 0 eng d
020 _z9781118408292
020 _z9781118422021
040 _aCaPaEBR
_cCaPaEBR
035 _a(OCoLC)811142414
050 1 4 _aQA76.774.M33
_bR59 2012eb
100 1 _aRizzo, John.
245 1 0 _aOS X Mountain Lion Server for dummies
_h[electronic resource] /
_cby John Rizzo.
260 _aHoboken, NJ :
_bWiley,
_c2012.
300 _axx, 380 p.
440 0 _a--For dummies
500 _aIncludes index.
533 _aElectronic reproduction.
_bPalo Alto, Calif. :
_cebrary,
_d2011.
_nAvailable via World Wide Web.
_nAccess may be limited to ebrary affiliated libraries.
630 0 0 _aMac OS.
650 0 _aOperating systems (Computers)
655 7 _aElectronic books.
_2local
710 2 _aebrary, Inc.
856 4 0 _uhttp://site.ebrary.com/lib/rucke/Doc?id=10602103
_zAn electronic book accessible through the World Wide Web; click to view
999 _c194924
_d194924